Nba shoes by player - Statistics

General Stats
  • This quiz has been taken 142 times
  • The average score is 17 of 23
Answer Stats
Question Answer % Correct
Whos shoes are these Jordan 11
97%
Whos shoes are these Kobe 5
96%
Whos shoes are these Anthony Edwards 1
93%
Whos shoes are these Lamelo ball 1
93%
Whos shoes are these Way of wade 10 ( Dwayne Wade )
93%
Whos shoes are these James Harden 8
91%
Whos shoes are these Curry 4
90%
Whos shoes are these Kyrie 7
87%
Whos shoes are these Aaron Gordan 361
82%
Whos shoes are these Austin Reaves 1
81%
Whos shoes are these Shaquille Oneal Shaq Attack
80%
Whos shoes are these Carmelo anthony 1.5
79%
Who made these shoes Kevin Durant ( KD 11 )
76%
Whos shoes are these Allen Iverson i3
75%
Whos shoes are these Gilbert Arenas zero
72%
Whos shoes are these Derrick Rose D-Rose 8
67%
Whos shoes are these Klay Thompson 2.0
64%
Whos shoes are these Paul George 2.5
63%
Whos shoes are these Kevin garnett le3
61%
Whos shoes are these Dame Lillard 1
58%
Whos shoes are these Kevin Love
37%
Whos shoes are these Chris Paul cp3 12
32%
Whos shoes are these Shane Battier 7
20%
No matching quizzes found
Score Distribution
Percent of People with Each Score
Percentile by Number Answered
Your Score History
You have not taken this quiz